| 000 | 00661ata a2200265 4500 | ||
|---|---|---|---|
| 005 | 20240819142609.0 | ||
| 008 | 150309b2014 CR ||||| |||| 00| 0 spa d | ||
| 020 | _a9789968684811 | ||
| 041 | _aESP | ||
| 082 | _a598.072.3 S629a6 | ||
| 100 | _aSkutch, Alexander F. | ||
| 245 | _aAves de Costa Rica | ||
| 250 | _a6 edición | ||
| 260 | _aCosta Rica | ||
| 260 | _bEditorial Tecnológica de Costa Rica | ||
| 260 | _c2014 | ||
| 300 | _a300 páginas | ||
| 505 | _aIncluye fotografías a color | ||
| 650 | _aCOSTA RICA | ||
| 650 | _aAVES | ||
| 650 | _aINVESTIGACIÓN DE AVES | ||
| 650 | _aOBSERVACIÓN DE AVES | ||
| 942 |
_cBK _2ddc |
||
| 999 |
_c7438 _d7438 |
||